Countries with the highest rates of Poverty - Statistics

General Stats
  • This quiz has been taken 855 times
  • The average score is 11 of 15
Answer Stats
Percentage of Population in Poverty Country % Correct
87.72 Democratic Republic of the Congo
88%
54.10 Republic of the Congo
83%
61.94 Chad
80%
67.98 Nigeria
78%
62.83 Central African Republic
74%
81.32 Burundi
72%
59.58 Mozambique
72%
63.17 Rwanda
72%
73.86 Malawi
69%
54.31 Angola
68%
68.51 Zambia
68%
67.87 Tanzania
63%
83.76 Liberia
61%
81.29 Madagascar
56%
61.71 Haiti
55%
No matching quizzes found
Score Distribution
Percent of People with Each Score
Percentile by Number Answered
Your Score History
You have not taken this quiz